BUBT Library Online Catalog

Applied Corporate Finance : (Record no. 5691)

000 -LEADER
fixed length control field 00614nam a22002177a 4500
003 - CONTROL NUMBER IDENTIFIER
control field BUBTL
008 - FIXED-LENGTH DATA ELEMENTS--GENERAL INFORMATION
fixed length control field 180225b xxu||||| |||| 00| 0 eng d
020 ## - INTERNATIONAL STANDARD BOOK NUMBER
International Standard Book Number 9788126537884
082 ## - DEWEY DECIMAL CLASSIFICATION NUMBER
Classification number 658.15/ D186a/ 2011
100 ## - MAIN ENTRY--PERSONAL NAME
9 (RLIN) 1817
Personal name Damodaran, Aswath
245 ## - TITLE STATEMENT
Title Applied Corporate Finance :
Statement of responsibility, etc. Aswath Damodaran
250 ## - EDITION STATEMENT
Edition statement 3rd
260 ## - PUBLICATION, DISTRIBUTION, ETC. (IMPRINT)
Place of publication, distribution, etc. New Delhi
Name of publisher, distributor, etc. Wiley
Date of publication, distribution, etc. c2011
300 ## - PHYSICAL DESCRIPTION
Extent [xiv], 738p . :
Other physical details ill. Chart, Table ; 24cm .
500 ## - GENERAL NOTE
General note Includes Index .
650 #0 - SUBJECT ADDED ENTRY--TOPICAL TERM
9 (RLIN) 18
Topical term or geographic name as entry element Finance
700 ## - ADDED ENTRY--PERSONAL NAME
9 (RLIN) 1818
Personal name Aswath Damodaran
856 ## - ELECTRONIC LOCATION AND ACCESS
Password 0
Logon 0
Link text Download
942 ## - ADDED ENTRY ELEMENTS (KOHA)
Source of classification or shelving scheme
Koha item type Books
Holdings
Withdrawn status Lost status Source of classification or shelving scheme Damaged status Not for loan Collection code Permanent location Current location Shelving location Date acquired Inventory number Total Checkouts Full call number Barcode Date last seen Copy number Price effective from Koha item type
          Non-fiction Bangladesh University of Business and Technology Library Bangladesh University of Business and Technology Library Finance Stacks 02/25/2018 19326   658.15 DAF BUBTL-200319326 02/25/2018 C-1 02/25/2018 Books
        Not For Loan Non-fiction Bangladesh University of Business and Technology Library Bangladesh University of Business and Technology Library Finance Stacks 02/25/2018 19325   658.15 DAF BUBTL-200319325 02/25/2018 C-2 02/25/2018 Books
        Not For Loan Non-fiction Bangladesh University of Business and Technology Library Bangladesh University of Business and Technology Library Finance Stacks 02/25/2018 19329   658.15 DAF BUBTL-200319329 02/25/2018 C-3 02/25/2018 Books
          Non-fiction Bangladesh University of Business and Technology Library Bangladesh University of Business and Technology Library Finance Stacks 02/25/2018 19327   658.15 DAF BUBTL-200319327 02/25/2018 C-4 02/25/2018 Books
          Non-fiction Bangladesh University of Business and Technology Library Bangladesh University of Business and Technology Library Finance Stacks 07/02/2020 19328   658.15 DAF BUBTL-200319328 07/02/2020 C-5 07/02/2020 Books

More Information About Library

Library Hours

  • Open: 9.00 am. to 9.00 pm.
  • Only Sunday: 9.00 am. to 6.00 pm.
  • Closed: Holiday

Contact to the University

Bangladesh University of Business and Technology Library

  • Mirpurl-2, 1216.
  • Phone:
  • Fax:
  • E-Mail: admin.library@bubt.edu.bd

Contact to the Library

Contact Person:

Md. Abdul Hakim Shah
Joint Librarian
PABX No:  113
Cell No: 01816332931
E-mail: official: admin.library@bubt.edu.bd
Personal: hakim.shah@bubt.edu.bd


BUBT Library

Copyright © 2021